000 00762cam a22002533a 4500
001 4315
003 PGUSA
005 20140828083052.0
008 030801s2003||||xxu|||||s|||||000 | eng d
040 _aPGUSA
_beng
042 _adc
050 4 _aG
100 1 _aWright, Thomas,
_d1859-1936
245 1 4 _aThe Life of Sir Richard Burton
_h[electronic resource] /
_cThomas Wright
260 _bProject Gutenberg,
_c2003
506 _aPublic domain in the USA.
516 _aElectronic text
653 _aScholars -- Great Britain -- Biography
653 _aExplorers -- Great Britain -- Biography
653 _aBurton, Richard Francis, Sir, 1821-1890
830 0 _aProject Gutenberg
_v4315
856 4 0 _uhttp://www.gutenberg.org/ebooks/4315
942 _cEB
999 _c233644
_d233644